The competitive status of the U.S. fibers, textiles, and apparel complex

Na minha lista:
Detalhes bibliográficos
Formato: Livro
Idioma:Undetermined
Publicado em: Washington National Academy 1983
Assuntos:
Tags: Adicionar Tag
Sem tags, seja o primeiro a adicionar uma tag!
Thư viện lưu trữ: Trung tâm Học liệu Trường Đại học Cần Thơ
LEADER 00456nam a2200157Ia 4500
001 CTU_99427
008 210402s9999 xx 000 0 und d
082 |a 338.4 
082 |b C736 
245 4 |a The competitive status of the U.S. fibers, textiles, and apparel complex 
260 |a Washington 
260 |b National Academy 
260 |c 1983 
650 |a Textiles inustry 
904 |i Tuyến 
980 |a Trung tâm Học liệu Trường Đại học Cần Thơ